| 000 -CABECERA |
| Longitud fija campo de control |
00670nam a2200193 a 4500 |
| 001 - NÚMERO DE CONTROL |
| Número de control |
267 |
| 003 - IDENTIFICADOR DEL NÚMERO DE CONTROL |
| Identificador del número de control |
CDMR |
| 005 - FECHA Y HORA DE LA ÚLTIMA TRANSACCIÓN |
| Fecha y hora de la última transacción |
20131024135458.0 |
| 008 - CÓDIGOS DE INFORMACIÓN DE LONGITUD FIJA |
| Códigos de información de longitud fija |
130130s1982||||||||||||||||||||||||||||d |
| 040 ## - FUENTE DE LA CATALOGACIÓN |
| Centro catalogador de origen |
CDMR |
| Lengua de catalogación |
cat |
| Centro transcriptor |
CDMR |
| 100 1# - PUNTO DE ACCESO PRINCIPAL-NOMBRE DE PERSONA |
| Nombre de persona |
Arrel |
| 9 (RLIN) |
177 |
| 245 14 - MENCIÓN DE TÍTULO |
| Título |
Les ràdios municipals |
| Resto del título |
: número extraordinari d'Arrel |
| 260 ## - PUBLICACIÓN, DISTRIBUCIÓN, ETC. (PIE DE IMPRENTA) |
| Lugar de publicación, distribución, etc. |
Barcelona |
| Fecha de publicación, distribución, etc. |
1982 |
| Nombre del editor, distribuidor, etc. |
Diputació de Barcelona |
| 300 ## - DESCRIPCIÓN FÍSICA |
| Extensión |
160 p. |
| Otras características físicas |
il. b/n |
| 500 ## - NOTA GENERAL |
| Nota general |
Número 3, extraordinari, abril-setembre 1982 de la revista "Areel", editada per la Diputació de Barcelona |
| 500 ## - NOTA GENERAL |
| Nota general |
Adjunta un mapa a color amb la distribució de les emissores a Catalunya |
| 650 04 - PUNTO DE ACCESO ADICIONAL DE MATERIA - TÉRMINO DE MATERIA |
| 9 (RLIN) |
3756 |
| Término de materia o nombre geográfico como elemento inicial |
Ràdio local |
| Subdivisión geográfica |
Catalunya |
| 942 ## - ENTRADA DE ELEMENTOS AGREGADOS (KOHA) |
| Koha [por defecto] tipo de item |
Monografies |
| Fuente de clasificaión o esquema |
|